<?xml version="1.0" encoding="UTF-8"?><?xml-stylesheet type="text/xsl" href="static/style.xsl"?><OAI-PMH xmlns="http://www.openarchives.org/OAI/2.0/" xmlns:xsi="http://www.w3.org/2001/XMLSchema-instance" xsi:schemaLocation="http://www.openarchives.org/OAI/2.0/ http://www.openarchives.org/OAI/2.0/OAI-PMH.xsd"><responseDate>2026-04-28T08:18:50Z</responseDate><request verb="GetRecord" identifier="oai:uvadoc.uva.es:10324/8067" metadataPrefix="marc">https://uvadoc.uva.es/oai/request</request><GetRecord><record><header><identifier>oai:uvadoc.uva.es:10324/8067</identifier><datestamp>2021-06-29T10:24:00Z</datestamp><setSpec>com_10324_38</setSpec><setSpec>col_10324_852</setSpec></header><metadata><record xmlns="http://www.loc.gov/MARC21/slim" xmlns:doc="http://www.lyncode.com/xoai" xmlns:xsi="http://www.w3.org/2001/XMLSchema-instance" xmlns:dcterms="http://purl.org/dc/terms/" xsi:schemaLocation="http://www.loc.gov/MARC21/slim http://www.loc.gov/standards/marcxml/schema/MARC21slim.xsd">
<leader>00925njm 22002777a 4500</leader>
<datafield tag="042" ind1=" " ind2=" ">
<subfield code="a">dc</subfield>
</datafield>
<datafield tag="720" ind1=" " ind2=" ">
<subfield code="a">Grandal Besada, Soraya</subfield>
<subfield code="e">author</subfield>
</datafield>
<datafield tag="260" ind1=" " ind2=" ">
<subfield code="c">2014</subfield>
</datafield>
<datafield tag="520" ind1=" " ind2=" ">
<subfield code="a">Este Trabajo de Fin de Grado es un estudio sobre el repertorio para clarinete y piano de&#xd;
compositores gallegos actuales. Son sus objetivos: 1) Observar qué papel ocupa el&#xd;
clarinete en las producciones seleccionadas; 2) Evidenciar, analíticamente, los&#xd;
diferentes lenguajes compositivos de cada artista a través del análisis de las obras&#xd;
escogidas; y 3) Realizar un estudio comparativo entre las tres piezas analizadas.&#xd;
Metodológicamente, se plantea como un trabajo selectivo, consistente en el análisis&#xd;
paramétrico y comparativo de: Reminiscencias (2001), de Rogelio Groba; Sonatina&#xd;
para clarinete e piano (1999), de Juan Durán; y Catro pezas para clarinete e piano, op.&#xd;
184 (2009), de Paulino Pereiro. Las fuentes empleadas, junto al examen de la&#xd;
bibliografía específica, han sido las partituras (todas inéditas), acompañadas de&#xd;
grabación, y algunos textos de Groba. El trabajo se articula en un estudio inicial sobre&#xd;
las producciones clarinetísticas de estos compositores en el conjunto de sus repertorios,&#xd;
que continúa con los análisis de las tres piezas seleccionadas y el estudio comparativo&#xd;
final.</subfield>
</datafield>
<datafield tag="024" ind2=" " ind1="8">
<subfield code="a">http://uvadoc.uva.es/handle/10324/8067</subfield>
</datafield>
<datafield ind1=" " ind2=" " tag="653">
<subfield code="a">Clarinete - España - Galicia</subfield>
</datafield>
<datafield tag="245" ind1="0" ind2="0">
<subfield code="a">El clarinete actual en Galicia: estudio analítico comparativo</subfield>
</datafield>
</record></metadata></record></GetRecord></OAI-PMH>